000 04667nab a2200337 i 4500
003 BR-BrBNA
005 20230914153936.0
008 230522b2019 bl.ar|pooa||| 00| 0 eng |
040 _aBR-BrBNA
_beng
072 _aH60
_b0230
100 _aMossin, C.B.
100 _aHijano, N.
100 _aNepomuceno, M.P.
100 _aCarvalho, L.B.
100 _aAlves, P.L.C.A.
245 _aInterference relationships between weeds and sugarcane in the ‘plene’ system
500 _aPublicação on-line; 16 ref.; 5 tables; Summaries (En, Pt)
520 _a ABSTRACT - Sugarcane is one of the most important crops planted in Brazil in that the presence of weeds in the fields has promoted significant yield reduction. The objective of this work was to evaluate the differential growth response of two sugarcane varieties cropped in the ‘Plene’ system as a function of the coexistence with different weed species. Treatments consisted of the coexistence of Bidens pilosa plus Ipomoea quamoclit, Ipomoea hederifolia, Amaranthus viridis, Urochloa plantaginea, Panicum maximum, and Digitaria horizontalis with two sugarcane varieties (RB92579 and SP80-1842) cropped in the ‘Plene’ system, in addition to a control without weeds. The design was completely randomized with three replicates. Dry matter accumulation of weeds was dependent of the weed species and the sugarcane variety whose coexistence was kept. The behavior of development in terms of plant height, number of green leaves, leaf area, and dry mass of stems, roots and leaves was dependent on the sugarcane variety and on the weed species whose coexistence was kept. The weed U. plantaginea showed the greatest potential to interfere with the growth of both sugarcane varieties planted in the ‘Plene’ system. Panicum maximum and D. horizontalis are also potential competitors, while B. pilosa, I. quamoclit, I. hederifolia, and A. viridis are less competitive. The sugarcane variety RB92579 is less susceptible to weed interference than SP80-1842 when planted in the ‘Plene’ system. Keywords: Saccharum officinarum, morning glory, slender amaranth, marmalade grass, guinea grass, jamaican crabgrass.
520 _a RESUMO - A cana-de-açúcar é uma das culturas agrícolas mais importantes no Brasil, e a presença de plantas daninhas nas áreas de produção acarreta reduções significativas de produtividade. O objetivo deste estudo foi avaliar a resposta diferencial do crescimento de duas variedades de cana-de-açúcar plantadas no sistema Plene, em função da convivência com diferentes espécies de plantas daninhas. Os tratamentos constituíram-se da convivência de Bidens pilosa + Ipomoea quamoclit, Ipomoea hederifolia, Amaranthus viridis, Urochloa plantaginea, Panicum maximum e Digitaria horizontalis com duas variedades de cultura da cana-de-açúcar (RB92579 e SP80-1842) plantadas no sistema Plene, bem como da testemunha sem planta daninha. Utilizou-se o delineamento inteiramente casualizado com três repetições. As plantas daninhas apresentaram acúmulo de massa seca dependente da espécie e da variedade de cana-de-açúcar com a qual conviveram. O comportamento do desenvolvimento em termos de altura, do número de folhas verdes, da área foliar, da massa seca dos colmos, da massa seca da raiz e da massa seca das folhas das duas variedades de cana-de-açúcar foi dependente da variedade plantada e da espécie de planta daninha cuja convivência foi mantida. U. plantaginea apresentou o maior potencial de interferência sobre o crescimento das duas variedades de cana-de-açúcar plantadas no sistema Plene. Panicum maximum e D. horizontalis também são potenciais competidoras, enquanto B. pilosa, I. quamoclit, I. hederifolia e A. viridis são menos competitivas. A variedade de cana-de-açúcar RB92579 é menos suscetível à interferência que a variedade SP80-1842, plantadas no sistema Plene. Palavras-chave: Saccharum officinarum, corda-de-viola, caruru-de-mancha, capim-marmelada, capimcolonião, capim-colchão
650 _aSACCHARUM OFFICINARUM
650 _aCANA DE AÇÚCAR
650 _aERVA DANINHA
650 _aCORDA DE VIOLA
650 _aPAPUA
650 _aCAPIM COLONIÃO
650 _aCAPIM COLCHÃO
773 0 _0886
_91816
_dLondrina-PR : Sociedade Brasileira da Ciência das Plantas Daninhas, 1978
_o2023-031023
_tPlanta Daninha (Brazil)
_x0100-8358; 1806-9681 (on-line)
_gv. 37 p. 1-7; (2019)
_wBR2023000389
856 _uhttps://www.scielo.br/j/pd/a/FJwnF43nbV6PkPnpm33GwNH/?format=pdf&lang=en
942 _cAnalítica
999 _c9167
_d9167